Neural networks : (Record no. 193565)

MARC details
000 -LEADER
fixed length control field 00872nam a2200253Ia 4500
003 - CONTROL NUMBER IDENTIFIER
control field OSt
005 - DATE AND TIME OF LATEST TRANSACTION
control field 20251203142324.0
008 - FIXED-LENGTH DATA ELEMENTS--GENERAL INFORMATION
fixed length control field 210716s2010 xx 000 0 und d
020 ## - INTERNATIONAL STANDARD BOOK NUMBER
International Standard Book Number 9788184894363
040 ## - CATALOGING SOURCE
Transcribing agency AIMIT LIBRARY
041 ## - LANGUAGE CODE
Language code of text/sound track or separate title eng
082 ## - DEWEY DECIMAL CLASSIFICATION NUMBER
Classification number 006.32
Edition number 1
Item number TANH
100 ## - MAIN ENTRY--PERSONAL NAME
Personal name Tang, Huajin.
9 (RLIN) 247422
245 ## - TITLE STATEMENT
Title Neural networks :
Remainder of title computational models and applications /
Statement of responsibility, etc. By Huajin Tang, Kay Chen Tan and Zhang Yi.
250 ## - EDITION STATEMENT
Edition statement 1st ed.
260 ## - PUBLICATION, DISTRIBUTION, ETC.
Place of publication, distribution, etc. New Delhi :
Name of publisher, distributor, etc. Springer ,
Date of publication, distribution, etc. 2010.
300 ## - PHYSICAL DESCRIPTION
Extent xxii,299p. ;
Other physical details PB
Dimensions 23.3 cm
650 ## - SUBJECT ADDED ENTRY--TOPICAL TERM
Topical term or geographic name entry element Feedforward neural network and training methods
9 (RLIN) 247423
650 ## - SUBJECT ADDED ENTRY--TOPICAL TERM
Topical term or geographic name entry element Various computational models and applications
9 (RLIN) 247424
650 ## - SUBJECT ADDED ENTRY--TOPICAL TERM
Topical term or geographic name entry element Competitive neural networks for image segmentation
9 (RLIN) 247425
700 ## - ADDED ENTRY--PERSONAL NAME
Personal name Tan, Kay Chen.
9 (RLIN) 247426
700 ## - ADDED ENTRY--PERSONAL NAME
Personal name Yi, Zhang.
9 (RLIN) 247427
942 ## - ADDED ENTRY ELEMENTS (KOHA)
Source of classification or shelving scheme Dewey Decimal Classification
Koha item type Book
Edition 1st
Call number prefix 006.32 TANH
Holdings
Withdrawn status Lost status Source of classification or shelving scheme Damaged status Not for loan Collection code Home library Current library Source of acquisition Cost, normal purchase price Inventory number Total Checkouts Full call number Barcode Date last seen Cost, replacement price Price effective from Koha item type
    Dewey Decimal Classification     MCA St Aloysius Institute of Management & Information Technology St Aloysius Institute of Management & Information Technology Knowledge World 445.00 Bill no:1717; Bill dt:2013-09-06   006.32 TANH MCA13073 05/23/2026 333.75 07/16/2021 Book